000 01024nam0a22002291 4500
001 rc\2380593
005 20260407205006.0
035 _a(NLR Aleph) 006501474
090 _a6235901
_c6235901
100 _a20110829d1978 |||y0rusy50 ca
101 0 _arus
102 _aRU
105 _ay z |||||
200 1 _aТезисы докладов
_fМ-во высш. и сред. спец. образования РСФСР. Урал. политехн. ин-т им. С.М. Кирова. Шестая учеб.-метод. конф. кафедр. иностр. языков ... 8-10 февр. 1978 г.
210 _aСвердловск
_cБ. и.
_d1978
215 _a35 с.
_d21
710 0 2 _aУральский политехнический институт им. С. М. Кирова
_cСвердловск
_bУчебно-методическая конференция
_d6
_f1978
_3RU\NLR\AUTH\8810137173
_9769890
801 0 _aRU
_bNLR
_gpsbo
801 1 _aRU
_bELAR
_2rusmarc
852 _aNLR
_j78-4/16601
942 _cBOOK
980 _aNB